000 nam a22 7a 4500
999 _c9477
_d9477
008 180131b ||||| |||| 00| 0 eng d
100 _aParti, N M
_95233
245 _aTogether with mathematics -I
260 _aNew Delhi
_bRachna Sagar publication
_c2007